Don't Not Push the Button - Statistics

General Stats
  • This quiz has been taken 268 times
  • The average score is 5 of 10
Answer Stats
Question Answer % Correct
Don't do the opposite of pushing the button. Push the Button
88%
If you didn't not push the first button, don't push the button now. Do Not Push the Button
66%
If you didn't not push every button before this one, make sure never to not push this button. Push the Button
50%
Don't not contradict the following instructions: Never don't not push this button. Push the Button
47%
Do not forget to not push this button. Do Not Push the Button
44%
Never under any circumstances fail not to heed the following instructions: refrain from not pushing the button if the word "button" has not more than 7 letters. Do Not Push the Button
41%
Never abstain from not pushing "Do Not Push the Button" unless there are never any circumstances where a button that is not this button is not button #9. Push the Button
41%
Never don't do the opposite of what the next question does not instruct you not to do. Do Not Push the Button
34%
If it is false that you didn't not push the previous button, never avoid not pushing this button. Do Not Push the Button
34%
Never refrain from doing the opposite of failing to push the button. Do Not Push the Button
28%
No matching quizzes found
Score Distribution
Percent of People with Each Score
Percentile by Number Answered
Your Score History
You have not taken this quiz